00384pab a2200133 454500008004000000100001900040245008500059260000900144300001300153362000800166650002100174650002400195773003100219180718b2010 xxu||||| |||| 00| 0 eng d aMause, Karsten aConsidering market-based instruments for consumer protection in higher education c2010 ap.29-53. aMar aHigher education aconsumer protection aJournal of Consumer Policy